00000000nam 2200000za 4500
0019.846654
003CaOODSP
00520221107153245
007cr |||||||||||
008171106s1950    onc     os   f000 0 eng d
040 |aCaOODSP|beng
043 |an-cn---
0861 |aCS62-D/98-1950E-PDF
24500|aSurvey of family expenditures, 1947-1948 |h[electronic resource] : |bexpenditure by size of household.
260 |aOttawa : |bDominion Bureau of Statistics, |c1950.
300 |aiii, 18 p.
4901 |aD.B.S. reference papers, 1950 ; |vno. 6
500 |aCover title.
500 |a"November 29, 1950."
500 |aChiefly tables.
500 |aDigitized edition from print [produced by Statistics Canada].
520 |a“In the fall of 1948 the Dominion Bureau of Statistics conducted a survey of family expenditure in Canada which covered the twelve months ending August 31, 1948. This reference paper presents some of the results obtained from that survey. It covers the major items of expenditure by region and by family type for the non-farm population. Newfoundland is not included in the report as the survey was initiated before the union of Newfoundland with Canada. The main purpose of the survey was to provide a picture of the pattern of family expenditures in the post-war period”--p. [i].
530 |aIssued also in print format.
69207|2gccst|aFamily
69207|2gccst|aEconomic conditions
69207|2gccst|aStandard of living
69207|2gccst|aStatistics
7101 |aCanada. |bDominion Bureau of Statistics.
830#0|aD.B.S. reference papers ;|vno. 6|w(CaOODSP)9.812168
85640|qPDF|s5.70 MB|uhttps://publications.gc.ca/collections/collection_2017/statcan/CS62-D-98-1950-eng.pdf
986 |a62-D-98